Score 0/22 Timer 10:00
0 Plays Today
Hint Answer % Correct
Oldest sonPhil
95.8%
Youngest sonGrant
95.1%
Played by Barbara WindsorPeggy
93.6%
Only daughterSam
91.6%
Grand sonBen
84.8%
Ex husbandArchie
82.6%
Ex husbandFrank
79.1%
Grand daughterLouise
68.3%
Grand daughterCourtney
61.7%
Ex son in lawRicky
51.1%
Ex daughter in lawTiffany
50.4%
Hint Answer % Correct
Great grand daughterLexi
50.1%
Ex daughter in lawSharon
49.6%
Grand sonMark
45.5%
Ex daughter in lawKathy
39.3%
Grand sonRichard
36.6%
Ex daughter in lawStella
29.7%
Ex husbandErin
25.6%
Ex son in lawAndy
24.6%
Ex daughter in lawCarla
23.1%
Ex daughter in lawNadia
21.6%
Great grand sonIan
18.2%
Remove Ads.
Support Sporcle.
Get the best of Sporcle when you Go Orange. This ad-free experience offers more features, more stats, and more fun while also helping to support Sporcle. Thank you for becoming a member.

You're not logged in!

Compare scores with friends on all Sporcle quizzes.
OR
Log In

Show Comments

Extras

Created Oct 22, 2013ReportNominate
Tags:Attender, mitchell

Top Quizzes Today


Score Distribution

Your Account Isn't Verified!

In order to create a playlist on Sporcle, you need to verify the email address you used during registration. Go to your Sporcle Settings to finish the process.

Report this User

Report this user for behavior that violates our Community Guidelines.

Details: